| 000 | 01397nam a2200421 c 4500 | ||
|---|---|---|---|
| 999 |
_c50041 _d50041 |
||
| 001 | 50041 | ||
| 003 | ES-MaCES | ||
| 005 | 20171010141855.0 | ||
| 008 | 171009s2017 sp 000 | spa d | ||
| 017 |
_aB 7556-2017 _bDL |
||
| 020 | _a9788498887754 | ||
| 040 |
_aES-MaCES _bspa _cES-MaCES |
||
| 100 | 1 |
_935711 _aVivas Esteve, Esther |
|
| 245 | 1 | 3 |
_aEl negocio de la comida _b: ¿quién controla nuestra alimentación? _cEsther Vivas Esteve |
| 250 | _a3ª ed. amp. y act | ||
| 260 |
_aBarcelona _bIcaria _c2017 |
||
| 300 |
_a230 p. _c22 cm |
||
| 490 | 1 |
_aIcaria antrazyt _v416 _aSoberanía alimentaria |
|
| 504 | _aBibliografía: p. 211-230 | ||
| 541 | _cCompra | ||
| 650 | 4 |
_aalimentación _928658 |
|
| 650 | 4 |
_aindustria de la alimentación _927663 |
|
| 650 | 4 |
_aagroindustria _929715 |
|
| 650 | 4 |
_avolumen de negocios _927931 |
|
| 650 | 4 |
_apoder empresarial _930600 |
|
| 650 | 4 |
_asupermercado _927955 |
|
| 650 | 4 |
_amejoramiento genético _928652 |
|
| 650 | 4 |
_ahambre _928674 |
|
| 650 | 4 |
_amecanismo de control _929918 |
|
| 650 | 4 |
_aplan de acción _930406 |
|
| 650 | 4 |
_930344 _aevaluación del impacto ambiental |
|
| 653 | 1 | 0 | _aIndustria-Energía |
| 775 | 0 |
_tEl negocio de la comida _w(ES-MaCES)45906 |
|
| 830 | 0 |
_aIcaria antrazyt (1995) _v416 _932670 |
|
| 830 | 0 |
_aIcaria antrazyt (1995) _pSoberanía alimentaria _934293 |
|
| 902 | _aLIB Libro | ||
| 942 |
_2CES _cBK _h5.2. |
||